000 00784cam a22002413a 4500
001 4695
003 PGUSA
005 20140828083105.0
008 031101s2003||||xxu|||||s|||||000 | eng d
040 _aPGUSA
_beng
042 _adc
050 4 _aPR
100 1 _aShelley, Mary Wollstonecraft,
_d1797-1851
245 1 0 _aNotes to the Complete Poetical Works of Percy Bysshe Shelley
_h[electronic resource] /
_cMary Wollstonecraft Shelley
260 _bProject Gutenberg,
_c2003
506 _aPublic domain in the USA.
516 _aElectronic text
653 _aShelley, Percy Bysshe, 1792-1822
653 _aShelley, Percy Bysshe, 1792-1822 -- Criticism and interpretation
830 0 _aProject Gutenberg
_v4695
856 4 0 _uhttp://www.gutenberg.org/ebooks/4695
942 _cEB
999 _c234024
_d234024